| 000 | 01001nam a2200253 a 4500 | ||
|---|---|---|---|
| 001 | 000894197 | ||
| 003 | AM-YeHGA | ||
| 005 | 20250617145434.0 | ||
| 008 | 120524s1915 ru r 000 0 rus d | ||
| 040 | _aAM-YeHGA | ||
| 041 | 0 | _arus | |
| 100 | 1 |
_aПетрарка, Франческо _d1304-1374 |
|
| 245 | 1 | 0 |
_aАвтобіографія : _bИсповедь. Сонеты. / _cПетрарка ; Пер. М. Гершензона и Вяч. Иванова. |
| 246 | 1 | 3 | _aАвтобиография. Исповедь. Сонеты. |
| 260 |
_aМосква : _bМ. и С. Сабашниковы, _c1915. |
||
| 300 |
_a273 с. : _bил. ; _c22 см. |
||
| 440 | 0 |
_aПамятники мировой литературы _pАнтичные писатели |
|
| 650 | 0 | _aИтальянская поэзия | |
| 700 | 1 |
_aГершензона, М. _eпер. _4trl |
|
| 700 | 1 |
_aВяч. Иванова. _eпер. _4trl |
|
| 740 | 0 | 2 | _aИсповедь. |
| 740 | 0 | 2 | _aСонеты. |
| 090 | _c313673 | ||
| 999 |
_c311955 _d311955 |
||